| 000 | 00366nam a2200145Ia 4500 | ||
|---|---|---|---|
| 008 | 220216s9999 xx 000 0 und d | ||
| 100 | _aJunhasavasdikul Banja | ||
| 245 | 0 | _aEVA foam for athletic shoes | |
| 260 |
_bRubber International Magazine _c2000 |
||
| 300 | _a77-85 | ||
| 650 | _aAthletic shoes | ||
| 650 | _aEVA foam | ||
| 650 | _aEva resins | ||
| 942 | _cJS | ||
| 999 |
_c58880 _d58880 |
||